Effects of software engineers' work ethics on their work performance and job satisfaction:role of emotional intelligence/
Saved in:
| Main Author: | |
|---|---|
| Format: | Unknown |
| Language: | English |
| Tags: |
Add Tag
No Tags, Be the first to tag this record!
|
| LEADER | 007150000a22001210004500 | ||
|---|---|---|---|
| 008 | 210630n 000 0 eng u | ||
| 100 | 1 | |a Shafia Khatun | |
| 245 | 1 | 0 | |a Effects of software engineers' work ethics on their work performance and job satisfaction:role of emotional intelligence/ |c Shafia Khatun |
| 264 | |a Kuala Lumpur : |b Kulliyah of Information and Communication Technology,International Islamic University Malaysia, |c 2021 | ||
| 596 | |a 1 | ||
| 999 | |c 441571 |d 471673 | ||
| 952 | |0 0 |6 XX(569052.000001) 000001 |7 4 |9 762669 |a IIUM |b IIUM |g 0.00 |o XX(569052.1) 1 |p 11100431398 |r 1900-01-02 |t 1 |v 0.00 |y THESIS | ||
| 952 | |0 0 |6 XX(569052.000001) CD. 000002 |7 4 |9 762885 |a IIUM |b IIUM |g 0.00 |o XX(569052.1) CD. 2 |p 11100431399 |r 1900-01-02 |t 1 |v 0.00 |y THESIS | ||
